[Event "I Festival Capo d'Orso"]
[Site "Portomannu - Palau ITA"]
[Date "2007.05.25"]
[Round "8"]
[White "Chiarotto, Filippo"]
[Black "Popa, Claudiu"]
[Result "1/2-1/2"]
[WhiteElo "2056"]
[BlackElo "2167"]
[PlyCount "110"]
[EventDate "2007.05.19"]

1. e4 e5 2. Nf3 Nc6 3. Nc3 Nf6 4. d4 exd4 5. Nxd4 Bc5 6. Be3 Nxd4 7. Bxd4 Bxd4
8. Qxd4 d6 9. O-O-O O-O 10. e5 Ng4 11. f4 Nh6 12. Bd3 Bg4 13. Rd2 dxe5 14. Qxe5
f6 15. Qc5 Qe8 16. h3 b6 17. Qf2 Bd7 18. Re1 Qc8 19. Nd5 Kh8 20. g4 Ng8 21. Qh4
f5 22. g5 Re8 23. Rde2 Rxe2 24. Rxe2 Be6 25. Nc3 Qd7 26. Qe1 Bf7 27. Re5 Re8
28. Rxe8 Bxe8 29. Qe5 Ne7 30. h4 c6 31. Ne2 Bg6 32. Nd4 c5 33. Qb8+ Ng8 34. Nf3
Bh5 35. Bc4 Qe8 36. Qxe8 Bxe8 37. Bxg8 Kxg8 38. Ne5 Kf8 39. Kd2 Ke7 40. c4 Kd6
41. Kc3 a5 42. b3 Bh5 43. Nd3 Bf3 44. a3 h6 45. Ne5 Bh5 46. gxh6 gxh6 47. Kd2
Be8 48. Ke3 Bh5 49. Kd3 Be8 50. Kc3 Bh5 51. b4 axb4+ 52. axb4 Be8 53. Nd3 Bd7
54. b5 Be8 55. Ne5 Bh5 1/2-1/2

[Event "I Festival Capo d'Orso"]
[Site "Portomannu - Palau ITA"]
[Date "2007.05.25"]
[Round "8"]
[White "Deruda, Leonardo"]
[Black "Giani, Franco"]
[Result "0-1"]
[WhiteElo "1794"]
[BlackElo "2023"]
[PlyCount "147"]
[EventDate "2007.05.19"]

1. Nf3 g6 2. e4 Bg7 3. d4 d6 4. c3 Nd7 5. Bd3 Ngf6 6. O-O O-O 7. Qc2 c5 8. h3
b6 9. e5 Ne8 10. Re1 cxd4 11. cxd4 Bb7 12. Be4 d5 13. Bd3 Nc7 14. Be3 f6 15.
exf6 Nxf6 16. Nc3 Rc8 17. Qb1 Ba6 18. Ne5 Bb7 19. f4 Nh5 20. Rf1 e6 21. Qe1 Ne8
22. Nf3 Nd6 23. Ng5 Qe7 24. g4 Nf6 25. Rd1 h6 26. Nf3 Nfe4 27. Ne2 Nc4 28. Bc1
Ncd6 29. Ne5 Kh7 30. Rf3 Nc4 31. Ng3 Nxe5 32. dxe5 Bxe5 33. Nxe4 Bd4+ 34. Kg2
dxe4 35. Bxe4 Bxe4 36. Qxe4 Bg7 37. f5 gxf5 38. gxf5 Kh8 39. fxe6 Rfe8 40. Re1
Rxc1 41. Rxc1 Qg5+ 42. Qg4 Qxc1 43. Rf7 Qxb2+ 44. Kh1 Qe5 45. Rxa7 Qd5+ 46. Kg1
Qd4+ 47. Kg2 Qxg4+ 48. hxg4 Rxe6 49. a4 Bc3 50. Kh3 Re4 51. Kh4 Ba5 52. Kh5
Rxa4 53. Rb7 Rc4 54. g5 hxg5 55. Kxg5 Rc6 56. Kf5 Bb4 57. Ke4 Rd6 58. Ke5 Bc5
59. Ke4 Kg8 60. Ke5 Kf8 61. Rc7 Rd2 62. Kf6 Ke8 63. Ke6 Kd8 64. Rh7 Rd6+ 65.
Ke5 Rd7 66. Rh1 Kc7 67. Rc1 Kc6 68. Ke6 Rd2 69. Ke5 b5 70. Ke4 b4 71. Rb1 Kb5
72. Kf3 Rd8 73. Ke4 Ka4 74. Rc1 0-1

[Event "I Festival Capo d'Orso"]
[Site "Portomannu - Palau ITA"]
[Date "2007.05.25"]
[Round "8"]
[White "Di Paolo, Raffaele"]
[Black "Bieg Pagel, Clemens"]
[Result "1-0"]
[WhiteElo "2341"]
[BlackElo "2011"]
[PlyCount "67"]
[EventDate "2007.05.19"]

1. e4 c5 2. Nf3 e6 3. d4 cxd4 4. Nxd4 a6 5. Nc3 Qc7 6. Bd3 Nf6 7. O-O d6 8. f4
Nbd7 9. Kh1 b5 10. a3 Bb7 11. Qe1 Be7 12. Bd2 O-O 13. Qg3 Rad8 14. Rae1 Nc5 15.
b4 Nxd3 16. cxd3 Kh8 17. Rc1 Qd7 18. Qh3 Ng8 19. Nf3 f5 20. Rfe1 Rf6 21. Ng5
Nh6 22. exf5 exf5 23. Qe3 Bf8 24. Qd4 Ba8 25. Qb6 Ng4 26. h3 d5 27. Qd4 Rh6 28.
Kg1 Be7 29. hxg4 Bf6 30. Re5 fxg4 31. Ne2 Kg8 32. Ng3 Rf8 33. Rce1 Bd8 34. Ne6
1-0

[Event "I Festival Capo d'Orso"]
[Site "Portomannu - Palau ITA"]
[Date "2007.05.25"]
[Round "8"]
[White "Diotallevi, Maurizio"]
[Black "Rombaldoni, Axel"]
[Result "0-1"]
[WhiteElo "2137"]
[BlackElo "2221"]
[PlyCount "62"]
[EventDate "2007.05.19"]

1. d4 d5 2. Bg5 h6 3. Bh4 c6 4. e3 Qb6 5. Qc1 e5 6. Nf3 e4 7. Nfd2 Ne7 8. c4
Nf5 9. Bg3 Nxg3 10. hxg3 Be6 11. Nc3 Be7 12. Be2 Nd7 13. c5 Qc7 14. b4 g5 15.
a4 f5 16. Bh5+ Bf7 17. Qd1 Nf6 18. Bxf7+ Kxf7 19. Ne2 h5 20. Qb3 b6 21. Qc2 a5
22. cxb6 Qxb6 23. bxa5 Qxa5 24. O-O h4 25. Nb3 Qc7 26. Rfc1 Rac8 27. Nc5 hxg3
28. fxg3 Ng4 29. Ra3 Rh6 30. Kf1 Rh1+ 31. Ng1 Qxg3 0-1

[Event "I Festival Capo d'Orso"]
[Site "Portomannu - Palau ITA"]
[Date "2007.05.25"]
[Round "8"]
[White "Djuric, Stefan"]
[Black "Busquets, Luis"]
[Result "1-0"]
[WhiteElo "2460"]
[BlackElo "2236"]
[PlyCount "64"]
[EventDate "2007.05.19"]

1. d4 Nf6 2. Nf3 g6 3. g3 Bg7 4. Bg2 O-O 5. O-O d5 6. c4 c6 7. Qc2 Bf5 8. Qa4
Nbd7 9. cxd5 cxd5 10. Nc3 Nb6 11. Qb3 Ne4 12. Bf4 Nxc3 13. bxc3 Qd7 14. a4 Be4
15. Rfd1 Rac8 16. h4 Nc4 17. a5 Rc6 18. Kh2 Rfc8 19. Bh3 Bf5 20. Bxf5 gxf5 21.
Rdb1 b6 22. axb6 Rxb6 23. Qa2 Rxb1 24. Rxb1 f6 25. h5 e5 26. Bc1 a5 27. Nd2 Qf7
28. Nxc4 Qxh5+ 29. Kg2 dxc4 30. Rb5 exd4 31. cxd4 Qg4 32. Bf4 Bf8 1-0

[Event "I Festival Capo d'Orso"]
[Site "Portomannu - Palau ITA"]
[Date "2007.05.25"]
[Round "8"]
[White "Doggers, Peter"]
[Black "Nickel, Arno"]
[Result "1/2-1/2"]
[WhiteElo "2247"]
[BlackElo "2101"]
[PlyCount "81"]
[EventDate "2007.05.19"]

1. e4 c5 2. Nf3 Nc6 3. d4 cxd4 4. Nxd4 Nf6 5. Nc3 e5 6. Ndb5 d6 7. Bg5 a6 8.
Na3 b5 9. Nd5 Be7 10. Bxf6 Bxf6 11. c3 Bg5 12. Nc2 O-O 13. a4 bxa4 14. Rxa4 f5
15. exf5 Rxf5 16. Nde3 Rf8 17. Qd5+ Kh8 18. Qxc6 Bd7 19. Qc4 Rf4 20. Qd5 Bxa4
21. b3 Be8 22. Bc4 Bf7 23. Qc6 Bxc4 24. bxc4 a5 25. O-O Qf8 26. f3 Rf7 27. Nd5
a4 28. Ra1 Rfa7 29. Na3 Ra6 30. Qd7 Qd8 31. Qf5 Rc6 32. Rb1 g6 33. Qg4 Ra7 34.
g3 Kg7 35. h4 Bf6 36. h5 Qc8 37. Qe4 Rb7 38. Rb5 Ra7 39. h6+ Kf7 40. Nb6 Qe8
41. Rb4 1/2-1/2

[Event "I Festival Capo d'Orso"]
[Site "Portomannu - Palau ITA"]
[Date "2007.05.25"]
[Round "8"]
[White "Friedrich, Norbert"]
[Black "Rowson, Jonathan"]
[Result "0-1"]
[WhiteElo "2317"]
[BlackElo "2594"]
[PlyCount "92"]
[EventDate "2007.05.19"]

1. e4 g6 2. d4 Bg7 3. Nf3 d6 4. Be2 Nf6 5. Nc3 O-O 6. O-O e6 7. a4 Nc6 8. a5 a6
9. h3 h6 10. Be3 Kh7 11. Re1 Bd7 12. e5 Nd5 13. Nxd5 exd5 14. Bf4 Be6 15. c3
dxe5 16. dxe5 Rc8 17. Bd3 Ne7 18. Nd4 c5 19. Nxe6 fxe6 20. Qg4 c4 21. Bc2 Nf5
22. Be3 h5 23. Qe2 Qh4 24. Qd2 Nxe3 25. Qxe3 Bh6 26. Qe2 Rf7 27. Rf1 Rcf8 28.
Rad1 Bf4 29. Bb1 Qg5 30. Rde1 h4 31. Qg4 Qxg4 32. hxg4 Kg7 33. Re2 Rc8 34. Bc2
Rc5 35. Ra1 Rb5 36. Ra2 Rc7 37. Kf1 Rcc5 38. Re1 Rxa5 39. Ba4 Kf7 40. Raa1 Ke7
41. Ra2 b5 42. Bb3 Rxa2 43. Bxa2 a5 44. Bb1 g5 45. Ke2 Bxe5 46. Kf3 Kd6 0-1

[Event "I Festival Capo d'Orso"]
[Site "Portomannu - Palau ITA"]
[Date "2007.05.25"]
[Round "8"]
[White "Gandolfi, Gianfranco"]
[Black "Piscopo, Pierluigi"]
[Result "0-1"]
[WhiteElo "1866"]
[BlackElo "2392"]
[PlyCount "60"]
[EventDate "2007.05.19"]

1. e4 c5 2. Nf3 Nc6 3. d4 cxd4 4. Nxd4 Qc7 5. Nc3 e6 6. a3 a6 7. Be3 b5 8. Be2
Bb7 9. O-O Nxd4 10. Qxd4 Qd6 11. Qxd6 Bxd6 12. Rad1 Be5 13. Bd4 d6 14. f4 Bf6
15. e5 dxe5 16. fxe5 Be7 17. Bf3 Bxf3 18. Rxf3 Nh6 19. Ne4 O-O 20. Rdf1 Rfd8
21. Bc3 Rac8 22. Rh3 Nf5 23. Rhf3 Rc4 24. Nd6 Bxd6 25. exd6 Rxd6 26. h3 h5 27.
Rf4 Rxf4 28. Rxf4 Ne3 29. Rf2 Rd1+ 30. Kh2 Nf1+ 0-1

[Event "I Festival Capo d'Orso"]
[Site "Portomannu - Palau ITA"]
[Date "2007.05.25"]
[Round "8"]
[White "Glienke, Manfred"]
[Black "Antoniacci, Riccardo"]
[Result "1-0"]
[WhiteElo "2312"]
[BlackElo "1995"]
[PlyCount "127"]
[EventDate "2007.05.19"]

1. c4 e5 2. Nc3 d6 3. Nf3 Nc6 4. d4 exd4 5. Nxd4 Bd7 6. e4 g6 7. Be3 Bg7 8. Be2
Nf6 9. O-O O-O 10. Nxc6 Bxc6 11. f3 a5 12. Qd2 b6 13. Rad1 Nd7 14. Rfe1 Nc5 15.
Bg5 Bxc3 16. bxc3 Qd7 17. Bf6 Qe6 18. Qd4 Nd7 19. Bg7 Rfe8 20. Bh6 Qe5 21. Bf1
f6 22. Be3 g5 23. Qd2 h6 24. h4 Kf7 25. Bf2 Nc5 26. Bd4 Qg3 27. Qf2 gxh4 28.
Qd2 Rh8 29. Bf2 Qg5 30. f4 Qg6 31. Bxc5 bxc5 32. e5 dxe5 33. fxe5 Rhg8 34. exf6
Qxf6 35. Re2 Qg5 36. Qc2 Rg6 37. Rf2+ Kg7 38. Bd3 Rd6 39. Rdf1 Qe3 40. Bf5 Rf8
41. Qe2 Qxe2 42. Rxe2 Rdf6 43. Re5 Bd7 44. Bd3 Rxf1+ 45. Bxf1 Rf5 46. Re7+ Rf7
47. Re4 h3 48. gxh3 Kf6 49. Rf4+ Bf5 50. Kf2 Ke5 51. Ke3 Rg7 52. Rh4 Rg3+ 53.
Kf2 Rg6 54. a3 Rb6 55. Be2 Rb3 56. Rxh6 Rxc3 57. a4 Bxh3 58. Rh5+ Kd6 59. Rh6+
Kd7 60. Rxh3 Rc2 61. Rh7+ Kc6 62. Rh6+ Kb7 63. Ke3 Rd2 64. Bf3+ 1-0

[Event "I Festival Capo d'Orso"]
[Site "Portomannu - Palau ITA"]
[Date "2007.05.25"]
[Round "8"]
[White "Grooten, Herman"]
[Black "Efimov, Igor"]
[Result "0-1"]
[WhiteElo "2392"]
[BlackElo "2433"]
[PlyCount "90"]
[EventDate "2007.05.19"]

1. d4 e6 2. c4 b6 3. a3 f5 4. Nc3 Nf6 5. e4 fxe4 6. f3 d5 7. Bg5 Be7 8. Qc2 O-O
9. O-O-O Bb7 10. Bxf6 Bxf6 11. fxe4 Bxd4 12. exd5 Qf6 13. Ne4 Qf4+ 14. Kb1 exd5
15. cxd5 Bxg1 16. Rxg1 Nd7 17. g3 Qg4 18. h4 Ne5 19. Rh1 Bc8 20. Bh3 Qh5 21.
Be6+ Bxe6 22. dxe6 Rae8 23. Ng5 Qg6 24. Qxg6 Nxg6 25. h5 Ne5 26. Rhe1 Rf5 27.
Rd5 Rxg5 28. Rexe5 Rxe5 29. Rxe5 g6 30. Rd5 gxh5 31. Rd7 Rxe6 32. Rxc7 Rg6 33.
Rxa7 Rxg3 34. Rb7 Rg6 35. Rd7 h4 36. Rd4 Rh6 37. Rd2 h3 38. Rh2 Kg7 39. Kc2 Kg6
40. Kd3 Kg5 41. Ke2 Kg4 42. Rh1 h2 43. Kf2 Kh3 44. Rc1 Rf6+ 45. Ke3 Kg2 0-1

[Event "I Festival Capo d'Orso"]
[Site "Portomannu - Palau ITA"]
[Date "2007.05.25"]
[Round "8"]
[White "Ibba, Isacco"]
[Black "Garofalo, Sergio"]
[Result "1-0"]
[WhiteElo "2203"]
[BlackElo "1812"]
[PlyCount "55"]
[EventDate "2007.05.19"]

1. e4 e5 2. f4 exf4 3. Bc4 d5 4. Bxd5 Be7 5. Nf3 Nf6 6. Nc3 Nxd5 7. Nxd5 Bh4+
8. Kf1 Bg4 9. Nxf4 g5 10. Nd5 f5 11. Ne3 fxe4 12. Nxg4 exf3 13. g3 O-O 14. gxh4
Qd7 15. Nf2 Nc6 16. Rg1 Rae8 17. Rxg5+ Kh8 18. b3 Nd4 19. Bb2 Re4 20. Nxe4 Qh3+
21. Kg1 c5 22. Nf2 Qxh4 23. Rg4 Qf6 24. Bxd4 cxd4 25. Qf1 d3 26. Re1 dxc2 27.
Qc4 h5 28. Rg3 1-0

[Event "I Festival Capo d'Orso"]
[Site "Portomannu - Palau ITA"]
[Date "2007.05.25"]
[Round "8"]
[White "Marin, Irina Luiza"]
[Black "Fierro Baquero, Martha Lorena"]
[Result "1/2-1/2"]
[WhiteElo "2166"]
[BlackElo "2339"]
[PlyCount "133"]
[EventDate "2007.05.19"]

1. c4 g6 2. g3 Bg7 3. Bg2 e5 4. Nc3 d6 5. e4 Nc6 6. Nge2 Nge7 7. O-O O-O 8. d3
Be6 9. Nd5 a6 10. Be3 f5 11. Qd2 Qd7 12. Bh6 Rf7 13. Bxg7 Kxg7 14. b4 Raf8 15.
b5 Nb8 16. Nxe7 Rxe7 17. exf5 Bxf5 18. a4 Bh3 19. d4 Bxg2 20. Kxg2 Qf5 21. Ra3
Nd7 22. Re3 Ref7 23. Nc3 Nb6 24. Qd3 Qxd3 25. Rxd3 Nxc4 26. bxa6 bxa6 27. d5
Rb8 28. Ne4 h6 29. Rc1 Rb4 30. f3 Rxa4 31. Rdc3 Ra2+ 32. Kh3 Nb6 33. Rxc7 Nxd5
34. Rxf7+ Kxf7 35. Nxd6+ Ke7 36. Nc4 Re2 37. Ra1 Nc7 38. Ra5 Ke6 39. Kg4 Kf6
40. h4 e4 41. h5 exf3 42. Kxf3 Rc2 43. Ne3 Rc6 44. Nd5+ Nxd5 45. Rxd5 Ke6 46.
Ra5 gxh5 47. Rxh5 Kd7 48. g4 Re6 49. Kf4 Kc6 50. Kf5 Rd6 51. Ke4 Kb6 52. g5
hxg5 53. Rxg5 a5 54. Rg8 Kc5 55. Rc8+ Kb4 56. Rb8+ Kc4 57. Rc8+ Kb3 58. Rb8+
Ka3 59. Rb7 a4 60. Ke3 Ka2 61. Ke2 a3 62. Rb8 Ka1 63. Rb7 Rd8 64. Rb6 a2 65.
Rb7 Rh8 66. Kd2 Rh1 67. Kc2 1/2-1/2

[Event "I Festival Capo d'Orso"]
[Site "Portomannu - Palau ITA"]
[Date "2007.05.25"]
[Round "8"]
[White "Matamoros Franco, Carlos S."]
[Black "Kekki, Petri"]
[Result "1-0"]
[WhiteElo "2523"]
[BlackElo "2366"]
[PlyCount "43"]
[EventDate "2007.05.19"]

1. c4 e6 2. g3 d5 3. Bg2 c6 4. Nf3 Nf6 5. O-O dxc4 6. a4 Qd5 7. Nc3 Qh5 8. b3
cxb3 9. Qxb3 Na6 10. d4 Qa5 11. Ne5 Bb4 12. Na2 c5 13. Nc4 Qd8 14. Rd1 Qe7 15.
Bf4 cxd4 16. Nxb4 Qxb4 17. Nd6+ Ke7 18. Qa2 Bd7 19. Rdb1 Qc3 20. Rb3 Qa5 21.
Nxb7 Qh5 22. Qa3+ 1-0

[Event "I Festival Capo d'Orso"]
[Site "Portomannu - Palau ITA"]
[Date "2007.05.25"]
[Round "8"]
[White "Mogranzini, Roberto"]
[Black "Brugo, Marco"]
[Result "1-0"]
[WhiteElo "2421"]
[BlackElo "2125"]
[PlyCount "64"]
[EventDate "2007.05.19"]

1. e4 e6 2. d4 d5 3. Nd2 Nf6 4. e5 Nfd7 5. Bd3 c5 6. c3 Nc6 7. Ne2 cxd4 8. cxd4
f6 9. exf6 Nxf6 10. Nf3 Bd6 11. O-O O-O 12. Bf4 Bxf4 13. Nxf4 Ne4 14. Nh5 g6
15. Ng3 Nxg3 16. fxg3 Qb6 17. Kh1 Bd7 18. Qd2 Nxd4 19. Ne5 Bb5 20. Bxb5 Qxb5
21. Rxf8+ Rxf8 22. Qxd4 Rf1+ 23. Rxf1 Qxf1+ 24. Qg1 Qe2 25. Nf3 e5 26. h4 e4
27. Ng5 e3 28. Qc1 Qf2 29. Qc8+ Kg7 30. Qd7+ Kf6 31. Qe6+ Kg7 32. Qe7+ Kg8 1-0

[Event "I Festival Capo d'Orso"]
[Site "Portomannu - Palau ITA"]
[Date "2007.05.25"]
[Round "8"]
[White "Mucci, Angelo"]
[Black "Burlando, Alessandro"]
[Result "0-1"]
[WhiteElo "1676"]
[BlackElo "2115"]
[PlyCount "62"]
[EventDate "2007.05.19"]

1. e4 e6 2. Qe2 c5 3. d3 Nc6 4. g3 g6 5. c3 Bg7 6. Bg2 Nge7 7. f4 d6 8. Nf3 e5
9. O-O Bg4 10. h3 Bd7 11. Be3 b6 12. Nbd2 O-O 13. Nh4 f6 14. f5 g5 15. Nhf3 Bc8
16. Rf2 d5 17. exd5 Nxd5 18. Nh2 Bb7 19. Rd1 Qd7 20. Ne4 Nce7 21. g4 Nxe3 22.
Qxe3 Nd5 23. Qd2 Nf4 24. Rxf4 exf4 25. h4 h6 26. Nf3 Rad8 27. Nf2 Rfe8 28. d4
Re3 29. dxc5 Qxd2 30. Nxd2 Rg3 31. cxb6 axb6 0-1

[Event "I Festival Capo d'Orso"]
[Site "Portomannu - Palau ITA"]
[Date "2007.05.25"]
[Round "8"]
[White "Naumkin, Igor"]
[Black "Aagaard, Jacob"]
[Result "1/2-1/2"]
[WhiteElo "2497"]
[BlackElo "2477"]
[PlyCount "26"]
[EventDate "2007.05.19"]

1. d4 Nf6 2. c4 e6 3. Nf3 b6 4. g3 Ba6 5. b3 Bb7 6. Bg2 Bb4+ 7. Bd2 c5 8. O-O
O-O 9. Bf4 cxd4 10. Qxd4 Nc6 11. Qb2 d5 12. Nbd2 d4 13. Rad1 Nh5 1/2-1/2

[Event "I Festival Capo d'Orso"]
[Site "Portomannu - Palau ITA"]
[Date "2007.05.25"]
[Round "8"]
[White "Potyavin, Igor"]
[Black "Schuurman, Petra"]
[Result "1/2-1/2"]
[WhiteElo "2046"]
[BlackElo "2279"]
[PlyCount "129"]
[EventDate "2007.05.19"]

1. d4 Nf6 2. c4 e6 3. Nc3 Bb4 4. e3 c5 5. Bd3 Nc6 6. Nf3 Bxc3+ 7. bxc3 d6 8.
O-O e5 9. Qc2 h6 10. d5 Ne7 11. Nd2 b5 12. e4 bxc4 13. Nxc4 Ng6 14. Qa4+ Ke7
15. f4 Bd7 16. Qa6 Qc7 17. fxe5 Nxe5 18. Nxe5 dxe5 19. Rb1 Rab8 20. Ba3 Rhc8
21. Rxb8 Rxb8 22. Rb1 Rxb1+ 23. Bxb1 Qb6 24. Qxb6 axb6 25. Bc2 Bb5 26. Bc1 Bc4
27. a4 Kd6 28. g3 Ba6 29. Kg2 Bc8 30. h3 Bd7 31. Ba3 Ng8 32. g4 Ne7 33. Kf3 g5
34. Bc1 Ng6 35. Be3 Nf4 36. Bd2 Nxh3 37. c4 Bc8 38. a5 bxa5 39. Bxa5 Ba6 40.
Bd3 Nf4 41. Bf1 Ng6 42. Bd8 Bc8 43. Bb6 Nf8 44. Be2 Nd7 45. Bd8 Ba6 46. Bf1 Nb8
47. Be2 Bc8 48. Bb6 Na6 49. Bf1 Ke7 50. Be2 Bd7 51. Bd1 Kf6 52. Bd8+ Kg6 53.
Be7 h5 54. gxh5+ Kxh5 55. Kg3+ Kg6 56. Bg4 f5 57. exf5+ Bxf5 58. Be2 e4 59. Bd1
e3 60. Be2 Be4 61. Kg4 Nb4 62. Bxc5 Nxd5 63. cxd5 Bxd5 64. Bxe3 Be6+ 65. Kg3
1/2-1/2

[Event "I Festival Capo d'Orso"]
[Site "Portomannu - Palau ITA"]
[Date "2007.05.25"]
[Round "8"]
[White "Puzzoni, Christian"]
[Black "Moos, Gerd Anton Ferdinand"]
[Result "1-0"]
[WhiteElo "2113"]
[BlackElo "2064"]
[PlyCount "56"]
[EventDate "2007.05.19"]

1. e4 e6 2. Nf3 d5 3. e5 c5 4. b4 cxb4 5. d4 Bd7 6. a3 Qa5 7. Bd3 Bb5 8. O-O
Bxd3 9. Qxd3 Qa6 10. Qb3 Qc4 11. Qe3 Nh6 12. axb4 Bxb4 13. Na3 Qc6 14. Qb3 Be7
15. c4 O-O 16. Bxh6 gxh6 17. Qe3 Kg7 18. Rfc1 Na6 19. Qf4 f5 20. cxd5 Qxd5 21.
Nc4 Rad8 22. Rab1 b5 23. Ne3 Qb7 24. d5 exd5 25. h4 Nc5 26. Nd4 Kh8 27. Rxb5
Qc8 28. g3 Nd3 1-0

[Event "I Festival Capo d'Orso"]
[Site "Portomannu - Palau ITA"]
[Date "2007.05.25"]
[Round "8"]
[White "Radice, Luca"]
[Black "Russo, Carmelo"]
[Result "1-0"]
[WhiteElo "2070"]
[BlackElo "1665"]
[PlyCount "81"]
[EventDate "2007.05.19"]

1. d4 Nf6 2. c4 g6 3. Nc3 d5 4. cxd5 Nxd5 5. Bd2 Bg7 6. e4 Nxc3 7. Bxc3 O-O 8.
h3 c6 9. Nf3 Re8 10. Be2 Nd7 11. Qc2 Qc7 12. O-O-O a5 13. Kb1 b5 14. Bd2 Ba6
15. Be3 Rec8 16. Rc1 b4 17. Bxa6 Rxa6 18. Ng5 e6 19. Qd3 Raa8 20. f4 a4 21. g4
Nf6 22. Nf3 Qb7 23. g5 Nh5 24. Rhd1 b3 25. a3 Bf8 26. Ne5 Qb5 27. Rc4 Qb7 28.
Rdc1 Qa6 29. Qf1 Bxa3 30. bxa3 Rab8 31. Kb2 Ng7 32. Nd7 Ra8 33. Nf6+ Kh8 34.
Qe1 Ne8 35. Nxe8 Rxe8 36. Qc3 Kg8 37. h4 Rab8 38. h5 Rb5 39. hxg6 fxg6 40. Rxc6
Rxg5 41. Rxa6 1-0

[Event "I Festival Capo d'Orso"]
[Site "Portomannu - Palau ITA"]
[Date "2007.05.25"]
[Round "8"]
[White "Rombaldoni, Denis"]
[Black "Bruno, Fabio"]
[Result "1/2-1/2"]
[WhiteElo "2368"]
[BlackElo "2428"]
[PlyCount "205"]
[EventDate "2007.05.19"]

1. d4 d5 2. Nf3 c6 3. e3 Bf5 4. c4 e6 5. Nc3 Nd7 6. Bd3 Bxd3 7. Qxd3 Ngf6 8.
O-O Bb4 9. Bd2 a5 10. a3 Be7 11. e4 dxe4 12. Nxe4 a4 13. Nc3 Nc5 14. Qc2 Nb3
15. Rad1 Nxd4 16. Nxd4 Qxd4 17. Nxa4 Qh4 18. h3 O-O 19. Be3 b5 20. Nb6 Rad8 21.
cxb5 cxb5 22. Qb3 Qh5 23. Qc2 h6 24. b4 Qe5 25. Rxd8 Rxd8 26. Nc8 Bd6 27. g3
Nd5 28. Re1 Bf8 29. Na7 Ra8 30. Bd2 Qb8 31. Nc6 Qc7 32. Nd4 Rxa3 33. Qxc7 Nxc7
34. Rc1 Nd5 35. Nxb5 Rd3 36. Be1 Nxb4 37. Rc8 Rd1 38. Kf1 Nd3 39. Ke2 Rxe1+ 40.
Kxd3 Rd1+ 41. Ke2 Rd7 42. Nc3 Rb7 43. Nd1 g6 44. Ne3 Kg7 45. Kf3 Be7 46. Rc3
Bf6 47. Rc4 h5 48. h4 Rb3 49. Re4 Bd8 50. Kg2 Bb6 51. Kf3 Kf6 52. Rc4 Ke7 53.
Ke2 f6 54. Nd1 Kd7 55. Rc3 Rb5 56. Ra3 e5 57. Ra8 Ke6 58. Rg8 Kf7 59. Rh8 Bd4
60. Rh7+ Ke6 61. Rg7 e4 62. Rg8 Kf7 63. Rd8 Rb4 64. Rd7+ Ke6 65. Rg7 Rb5 66.
Rg8 Kf7 67. Rd8 Bc5 68. Rd7+ Ke6 69. Rg7 Bf8 70. Rc7 Rc5 71. Rxc5 Bxc5 72. Nc3
Ke5 73. Kf1 Bb4 74. Ne2 Bd2 75. Ng1 f5 76. Ke2 Bh6 77. f3 f4 78. fxe4 Kxe4 79.
Kf2 Bf8 80. Nf3 Bd6 81. Ng5+ Kf5 82. gxf4 Kxf4 83. Nf7 Bc5+ 84. Kg2 Bd4 85. Kh3
Kf5 86. Ng5 Bf6 87. Nf3 Kf4 88. Nd2 Bc3 89. Nf1 Be1 90. Nh2 Bf2 91. Nf1 Be1 92.
Nh2 Ke4 93. Nf1 Bf2 94. Nh2 Be3 95. Kg2 Bh6 96. Nf3 Kf4 97. Nd4 Kg4 98. Nc6
Kxh4 99. Ne7 g5 100. Nf5+ Kg4 101. Nd4 Kh4 102. Nf3+ Kg4 103. Nxg5 1/2-1/2

[Event "I Festival Capo d'Orso"]
[Site "Portomannu - Palau ITA"]
[Date "2007.05.25"]
[Round "8"]
[White "Seger, Ruediger"]
[Black "Ori, Marco"]
[Result "1-0"]
[WhiteElo "2399"]
[BlackElo "2129"]
[PlyCount "61"]
[EventDate "2007.05.19"]

1. e4 c6 2. d4 d5 3. Nc3 dxe4 4. Nxe4 Nd7 5. Ng5 Ngf6 6. Bd3 e6 7. N1f3 Bd6 8.
Qe2 h6 9. Ne4 Nxe4 10. Qxe4 Qc7 11. Qg4 Kf8 12. O-O c5 13. dxc5 Nxc5 14. Be3
Nxd3 15. cxd3 e5 16. Qe4 g6 17. Rac1 Qe7 18. Rfe1 Bf5 19. Qa4 Qd7 20. Qxd7 Bxd7
21. Bc5 Bxc5 22. Rxc5 f6 23. d4 exd4 24. Rc7 Rd8 25. Nxd4 Rg8 26. h3 Rg7 27.
Rxb7 a5 28. Re6 Rf7 29. Rd6 Ke8 30. Rbb6 Bc8 31. Nb5 1-0

[Event "I Festival Capo d'Orso"]
[Site "Portomannu - Palau ITA"]
[Date "2007.05.25"]
[Round "8"]
[White "Simone, Marco"]
[Black "Mannu, Michele"]
[Result "1-0"]
[WhiteElo "1885"]
[BlackElo "2128"]
[PlyCount "67"]
[EventDate "2007.05.19"]

1. e4 c6 2. d4 d5 3. exd5 cxd5 4. Bd3 Nf6 5. Nf3 Bg4 6. O-O Nc6 7. c3 e6 8.
Nbd2 Be7 9. Qc2 Rc8 10. a3 Qc7 11. Re1 O-O 12. h3 Bh5 13. g4 Bg6 14. Nf1 Be4
15. N1d2 Qf4 16. Nxe4 Qxf3 17. Ng5 Nxd4 18. Nxf3 Nxc2 19. Bxc2 Rfd8 20. Be3 Nd7
21. Bd4 a6 22. Kg2 Rc6 23. g5 Bd6 24. h4 b5 25. h5 a5 26. Bd3 Rb8 27. g6 fxg6
28. hxg6 hxg6 29. Rxe6 Nf8 30. Re2 b4 31. axb4 axb4 32. Ra7 Rc7 33. Rxc7 Bxc7
34. Re7 1-0

[Event "I Festival Capo d'Orso"]
[Site "Portomannu - Palau ITA"]
[Date "2007.05.25"]
[Round "8"]
[White "Steingrimsson, Hedinn"]
[Black "Shytaj, Luca"]
[Result "1/2-1/2"]
[WhiteElo "2482"]
[BlackElo "2451"]
[PlyCount "36"]
[EventDate "2007.05.19"]

1. e4 c5 2. Nf3 d6 3. d4 cxd4 4. Nxd4 Nf6 5. Nc3 a6 6. Bg5 e6 7. f4 Nbd7 8. Qf3
Qc7 9. O-O-O b5 10. Bxb5 axb5 11. Ndxb5 Qb8 12. e5 Ra5 13. exf6 gxf6 14. Bh6
Bxh6 15. Nxd6+ Ke7 16. Kb1 Rd8 17. Rhe1 Nb6 18. Ncb5 Ba6 1/2-1/2

[Event "I Festival Capo d'Orso"]
[Site "Portomannu - Palau ITA"]
[Date "2007.05.25"]
[Round "8"]
[White "Valenti, Giuseppe"]
[Black "Marani, Luca"]
[Result "1/2-1/2"]
[WhiteElo "2228"]
[BlackElo "1536"]
[PlyCount "30"]
[EventDate "2007.05.19"]

1. e4 e5 2. Nf3 d6 3. d4 exd4 4. Nxd4 Nf6 5. Nc3 Be7 6. Be2 O-O 7. O-O Nc6 8.
Be3 Nxd4 9. Qxd4 Ng4 10. Bf4 Bf6 11. Qd2 Re8 12. h3 Bxc3 13. bxc3 Nf6 14. f3
Be6 15. Rab1 Rb8 1/2-1/2

[Event "I Festival Capo d'Orso"]
[Site "Portomannu - Palau ITA"]
[Date "2007.05.25"]
[Round "8"]
[White "Virzi, Ettore"]
[Black "Biedekoepper, Robert"]
[Result "1-0"]
[WhiteElo "1945"]
[BlackElo "2152"]
[PlyCount "69"]
[EventDate "2007.05.19"]

1. e4 c5 2. Nf3 Nc6 3. d4 cxd4 4. Nxd4 Nf6 5. Nc3 e5 6. Ndb5 d6 7. Bg5 a6 8.
Na3 b5 9. Bxf6 gxf6 10. Nd5 Bg7 11. c3 f5 12. Bd3 Be6 13. Nxb5 axb5 14. Bxb5
Bd7 15. exf5 O-O 16. O-O Rb8 17. a4 Re8 18. Qg4 Kh8 19. Qe4 f6 20. b4 Qc8 21.
g4 Ne7 22. Bxd7 Qxd7 23. Nxe7 Qxe7 24. Rfb1 Qc7 25. c4 Rec8 26. a5 Qxc4 27.
Qxc4 Rxc4 28. a6 d5 29. a7 Ra8 30. b5 Rc7 31. b6 Rb7 32. Ra6 Bf8 33. Rc1 Bd6
34. Rc6 Rd7 35. Rxd6 1-0

[Event "I Festival Capo d'Orso"]
[Site "Portomannu - Palau ITA"]
[Date "2007.05.25"]
[Round "8"]
[White "Ziegler, Ari"]
[Black "Zoldan, Matteo"]
[Result "1-0"]
[WhiteElo "2335"]
[BlackElo "2121"]
[PlyCount "173"]
[EventDate "2007.05.19"]

1. e4 c5 2. Nf3 d6 3. d4 cxd4 4. Nxd4 Nf6 5. Nc3 e6 6. g4 e5 7. Bb5+ Bd7 8.
Bxd7+ Qxd7 9. Nf5 h5 10. gxh5 Nxh5 11. Bh6 Nc6 12. Qxh5 Ne7 13. Ne3 Rxh6 14.
Qf3 Rh3 15. Qg2 O-O-O 16. O-O-O Qe6 17. Kb1 Kb8 18. Rd2 Qh6 19. Rhd1 Rxh2 20.
Qg1 Rh3 21. Qf1 Nc6 22. Nf5 Qh5 23. Nb5 g6 24. Ng3 Qg4 25. Nxd6 Bxd6 26. Rxd6
Rhh8 27. Rxd8+ Rxd8 28. Rxd8+ Nxd8 29. Qd3 Nc6 30. Qd6+ Kc8 31. Qf8+ Nd8 32.
Qc5+ Nc6 33. Qf8+ Nd8 34. Qc5+ Nc6 35. a3 Qd1+ 36. Ka2 Qd4 37. Qxd4 Nxd4 38. c3
Nf3 39. Kb3 Kd7 40. Kc4 Kc6 41. a4 b6 42. b4 a6 43. Kd3 Ng5 44. Nf1 Nh3 45. f3
Ng5 46. Ke3 f6 47. Nd2 Nf7 48. Kd3 Ng5 49. Ke3 Nf7 50. Nb3 Nd6 51. Kd3 Nb7 52.
Nd2 Nd6 53. Nf1 Nf7 54. Ne3 Ng5 55. Ke2 Ne6 56. Ng4 Nf4+ 57. Kd2 Nh5 58. Kc2 b5
59. a5 Kd6 60. Ne3 Nf4 61. Kd2 Kc6 62. Ng4 Nh5 63. Ke3 Kd6 64. Nf2 Nf4 65. Kd2
Kc6 66. Nd1 Kd6 67. Ne3 Kc6 68. Ng4 Nh5 69. Kd3 Nf4+ 70. Kc2 Nh5 71. Kb3 Kd6
72. c4 bxc4+ 73. Kxc4 Kc6 74. Nh6 Ng7 75. Ng8 Ne6 76. Ne7+ Kb7 77. Nxg6 Nd4 78.
f4 Nf3 79. fxe5 Nxe5+ 80. Nxe5 fxe5 81. b5 axb5+ 82. Kxb5 Ka7 83. Kc5 Ka6 84.
Kd5 Kxa5 85. Kxe5 Kb6 86. Kd6 Kb7 87. Kd7 1-0